| 000 | 01242nam a22003737a 4500 | ||
|---|---|---|---|
| 003 | CHAP | ||
| 005 | 20220329142545.0 | ||
| 008 | 010926d2000 mx r 00110 spa d | ||
| 010 | _a84866 | ||
| 011 | _a85838 | ||
| 035 | _a96375 | ||
| 040 | _cCHAP | ||
| 082 | 0 | 4 |
_a635.93355 _bG3 1969 |
| 100 | 0 | 0 |
_aGadea Loubriel, Manuel _944150 |
| 245 | 1 | 3 |
_aEl girasol : planta industrial y forrajera _c/por Manuel Gadea Loubriel |
| 250 | _a2ed. | ||
| 260 |
_aMadrid : _bPublicaciones de capacitación agraria, _c1969. |
||
| 300 |
_a156 p. : _bilus. |
||
| 490 | 0 |
_aManuales técnicos _vSerie A ; 37 |
|
| 590 |
_aBATCH-UPD _b10 _c20130110 _lUCH01 _h0239 |
||
| 590 |
_aBATCH-UPD _b10 _c20130110 _lUCH01 _h2142 |
||
| 590 |
_aBATCH-UPD _b10 _c20130410 _lUCH01 _h1451 |
||
| 590 |
_aBATCH-UPD _b10 _c20130914 _lUCH01 _h1452 |
||
| 590 |
_aCONVERSION _b10 _c20130109 _lUCH01 _h1347 |
||
| 650 | 1 | 4 |
_aGirasol como forraje. _948189 |
| 650 | 1 | 4 |
_aGirasol. _948126 |
| 650 | 1 | 4 |
_aGirasol _xVariedades. _948186 |
| 650 | 1 | 4 |
_aPlantas oleaginosas. _989032 |
| 830 | 0 |
_aManuales técnicos _vSerie A ; 37 _970697 |
|
| 901 | _aBK | ||
| 905 | _aAlejandra Carrasco M. | ||
| 942 | _cLIBRO | ||
| 949 |
_a635.93355 G3 1969 _bBC _cLIBRO _d33724000857041 _eLIBRO _h101879 _i96375 _kDon. _si |
||
| 999 |
_c84866 _d84866 |
||